00323nam a22000977a 4500082001900000245013400019260000900153300001800162526003700180650000800217 a351.20954bCOM aThe combined civil list for India and BurmabA complete directory of the civil services & other higher services under government. c1941 axxxix, 618 p. a0b0c0d351_209540000000000_COM aMCE